| 000 | 00386nam a2200157Ia 4500 | ||
|---|---|---|---|
| 008 | 230917s9999||||xx |||||||||||||| ||und|| | ||
| 040 |
_e21330 _aMAIN |
||
| 041 | _aEnglish | ||
| 082 | _a301.112 W155C | ||
| 100 | _aWallace, Anthony F C | ||
| 245 | 0 | _aCulture and personality | |
| 250 | _a2nd ed. | ||
| 260 |
_aNew York _bRandom House _c1970 |
||
| 300 | _aviii, 270 p. | ||
| 942 | _cBK | ||
| 999 |
_c221363 _d221363 |
||